书目信息 |
| 题名: |
算法数论
|
|
| 作者: | 裴定一 , 祝跃飞 编著 | |
| 分册: | ||
| 出版信息: | 北京 科学出版社 2002.02 |
|
| 页数: | 233页 | |
| 开本: | 21cm | |
| 丛书名: | 中国科学院研究生教学丛书 | |
| 单 册: | ||
| 中图分类: | O241 | |
| 科图分类: | ||
| 主题词: | 算法理论--suan fa li lun--研究生--教材 | |
| 电子资源: | ||
| ISBN: | 978-7-03-010683-4 | |
| 000 | 00973nam 2200265 450 | |
| 001 | 012008395537 | |
| 005 | 20080421091546.29 | |
| 010 | @a978-7-03-010683-4@dCNY19.00 | |
| 100 | @a20080419d2002 em y0chiy0120 ea | |
| 101 | 0 | @achi |
| 102 | @aCN@b110000 | |
| 105 | @ay z 000yy | |
| 106 | @ar | |
| 200 | 1 | @a算法数论@Asuan fa shu lun@f裴定一, 祝跃飞编著@Fpei ding yi,zhu yue fei bian zhu |
| 210 | @a北京@c科学出版社@d2002.02 | |
| 215 | @a233页@d21cm | |
| 225 | 2 | @a中国科学院研究生教学丛书@Azhong guo ke xue yuan yan jiu sheng jiao xue cong shu |
| 330 | @a本书论述了算法数论的基本内容,其中包括:连分数、代数数域、椭圆曲线、素性检验、大整数因子分结算法、椭圆曲线上的离散对数、超椭圆曲线等。 | |
| 410 | 0 | @12001 @a中国科学院研究生教学丛书 |
| 606 | 0 | @a算法理论@Asuan fa li lun@x研究生@j教材 |
| 690 | @aO241@v4 | |
| 701 | 0 | @a裴定一@Apei ding yi@4编著 |
| 701 | 0 | @a祝跃飞@Azhu yue fei@4编著 |
| 801 | 0 | @aCN@bQSSK@c20080421 |
| 905 | @b293845-47@dO241@eP378@f3 | |
| 算法数论/裴定一, 祝跃飞编著.-北京:科学出版社,2002.02 |
| 233页;21cm.-(中国科学院研究生教学丛书) |
| ISBN 978-7-03-010683-4:CNY19.00 |
| 本书论述了算法数论的基本内容,其中包括:连分数、代数数域、椭圆曲线、素性检验、大整数因子分结算法、椭圆曲线上的离散对数、超椭圆曲线等。 |
| ● |
| 相关链接 |
|
|
|
正题名:算法数论
索取号:O241/P378
 
预约/预借
| 序号 | 登录号 | 条形码 | 馆藏地/架位号 | 状态 | 备注 |
| 1 | 293845 | 202938456 | 自科二线504/504自科库 50排2列3层/ [索取号:O241/P378] | 在馆 | |
| 2 | 293846 | 202938465 | 自科二线504/201建筑库 53排3列5层/ [索取号:O241/P378] | 在馆 | |
| 3 | 293847 | 202938474 | 自科库401/401自科库 49排2列4层/ [索取号:O241/P378] | 在馆 |